<?xml version="1.0" encoding="UTF-8"?>
<record
    xmlns:xsi="http://www.w3.org/2001/XMLSchema-instance"
    xsi:schemaLocation="http://www.loc.gov/MARC21/slim http://www.loc.gov/standards/marcxml/schema/MARC21slim.xsd"
    xmlns="http://www.loc.gov/MARC21/slim">

  <leader>00449nam a2200157 a 4500</leader>
  <controlfield tag="005">20140414132140.0</controlfield>
  <controlfield tag="008">140203s19uu    xx            00    eng d</controlfield>
  <datafield tag="020" ind1=" " ind2=" ">
    <subfield code="a">9781846814754</subfield>
  </datafield>
  <datafield tag="050" ind1=" " ind2=" ">
    <subfield code="a">REF 784.19</subfield>
    <subfield code="b">Wa11 2009</subfield>
  </datafield>
  <datafield tag="100" ind1=" " ind2=" ">
    <subfield code="a">Wade-Matthews, Max</subfield>
  </datafield>
  <datafield tag="245" ind1=" " ind2=" ">
    <subfield code="a">World encyclopedia of musical instruments(The).</subfield>
  </datafield>
  <datafield tag="260" ind1=" " ind2=" ">
    <subfield code="a">New York :</subfield>
    <subfield code="b">Sterling Pub,</subfield>
    <subfield code="c">c2009.</subfield>
  </datafield>
  <datafield tag="300" ind1=" " ind2=" ">
    <subfield code="a">256</subfield>
  </datafield>
  <datafield tag="650" ind1=" " ind2=" ">
    <subfield code="a">Musical instruments-</subfield>
    <subfield code="x">dictionaries</subfield>
  </datafield>
  <datafield tag="999" ind1=" " ind2=" ">
    <subfield code="c">115343</subfield>
    <subfield code="d">115343</subfield>
  </datafield>
  <datafield tag="952" ind1=" " ind2=" ">
    <subfield code="0">0</subfield>
    <subfield code="1">0</subfield>
    <subfield code="4">0</subfield>
    <subfield code="a">MU</subfield>
    <subfield code="b">MU</subfield>
    <subfield code="c">REF</subfield>
    <subfield code="d">2014-02-03</subfield>
    <subfield code="e">Lib. Fund</subfield>
    <subfield code="g">650.00</subfield>
    <subfield code="l">0</subfield>
    <subfield code="o">REF 784.19 Wa11 2009</subfield>
    <subfield code="p">M7387</subfield>
    <subfield code="r">2014-04-14 00:00:00</subfield>
    <subfield code="w">2014-04-14</subfield>
    <subfield code="y">BK</subfield>
  </datafield>
</record>
